01647nam a2200337 a 4500001001200000003000800012006001900020007001500039008004100054020001800095020002700113040002100140035002100161050002300182245018100205250001200386260004900398300003600447490006600483504004100549505022600590533015200816650003500968650003501003650001801038655002901056700002601085710001701111830005501128856012601183ebr10512338CaPaEBRm u cr cn|||||||||111206s2011 enka sb 000 0 eng d z9780857247155 z9780857247162 (e-book) aCaPaEBRcCaPaEBR a(OCoLC)76219268314aRA393b.A23 2011eb00aAccess to care and factors that impact access, patients as partners in care and changing roles of health providersh[electronic resource] /cedited by Jennie Jacobs Kronenfeld. a1st ed. aBingley [England] :bEmerald Insight,c2011. axi, 297 p. :bill. (some col.).1 aResearch in the sociology of health care,x0275-4959 ;vv. 29 aIncludes bibliographical references.0 asection 1. Systems of health-care delivery and sociological issues -- section 2. Providers of care -- section 3. Patients as consumers of health-care services -- section 4. Health-care systems : modifications and reforms. aElectronic reproduction.bPalo Alto, Calif. :cebrary,d2013.nAvailable via World Wide Web.nAccess may be limited to ebrary affiliated libraries. 0aHealth services accessibility. 0aMedical personnel and patient. 0aMedical care. 7aElectronic books.2local1 aKronenfeld, Jennie J.2 aebrary, Inc. 0aResearch in the sociology of health care ;vv. 29.40uhttp://site.ebrary.com/lib/rucke/Doc?id=10512338zAn electronic book accessible through the World Wide Web; click to view